000 00397nam a22001697a 4500
003 MPLRDC
005 20220104123343.0
008 210129b ||||| |||| 00| 0 eng d
082 _a855 YH
100 _a彦火著
245 _a大地驰笔
_c
260 _a
_b香港文学研究社
_c
300 _b
490 _a海外文丛
650 _a散文;随笔、日记
942 _cBK
_o855 YH
999 _c10734
_d10724